Stratégie investovania v čase krízy

Bibliographic Details
Main Authors: Chovancová, Božena, 1952- (Author), Klimiková, Mária, 1944- (Author)
Format: Article
Language:Slovak
PhysicalDescription:Grafy, tab.
ISSN:1336-1732
Subjects:

MARC

LEADER 00000nab a2200000 a 4500
001 vtls010077449
003 SK-MaSNL
005 20260304163105.0
008 250507c2009 xo qr|p|||||||000 b|slo
015 |a SNBRB2010/03  |2 snkbucl 
035 |a (uuid)60f95e21-f9a9-46ed-a4db-54866f68e4de 
035 |a urn:nbn:sk:snk-ab15us 
035 |a (urnnbn)urn:nbn:sk:snk:ar-a04mnj 
038 |a SNKBUCL 
040 |a SNKBUCL  |b slo  |c SNKBUCL  |e AACR2 
041 0 |a slo  |b eng 
044 |a xo  |c SK 
080 |a 336.767:338.124.7  |2 2001 
080 |a 338.124.7  |2 2001 
100 1 |a Chovancová, Božena,  |d 1952-  |4 aut  |9 216167 
245 1 0 |a Stratégie investovania v čase krízy  |c Božena Chovancová, Mária Klimiková 
246 3 1 |a Investment strategies during economic crisis 
300 |b Grafy, tab. 
500 |a Pozn. pod čiarou 
504 |a Bibliogr. odkazy 
546 |a Súbežný názov angl. ; res. angl. 
650 0 7 |a investovanie  |2 snkbucl  |9 397568 
650 0 7 |a finančná kríza  |2 snkbucl  |9 69874 
650 0 7 |a investičné stratégie  |2 snkbucl  |9 1473676 
700 1 |a Klimiková, Mária,  |d 1944-  |4 aut  |9 40708 
773 0 |t Nová ekonomika = The New Economy  |g Roč. II., č. 4 (2009), s. 70-79  |x 1336-1732 
850 |a Slovenská národná knižnica 
852 |a Slovenská národná knižnica 
954 |a odborná, vedecká literatúra pôvodná (slovenská)  |2 lita 
958 |a article2022 
958 |a NB 
958 |a OND 
958 |a EUIPO 
999 |c 2976599  |d 2978529